[Event "AUTO-OPEN-4365"]
[Site "http://www.queenalice.com/game.php?id=1794169"]
[Date "2022.8.13"]
[Round "2"]
[White "victorhmpo"]
[Black "Pin"]
[Result "0-1"]
[WhiteElo "1924"]
[BlackElo "2048"]

1. e4 c5 2. Nf3 d6 3. Bc4 e6 4. Nc3 a6 5. O-O Nc6 6. Re1 Nf6 7. d4 cxd4 8. Nxd4
Be7 9. Bg5 Qc7 10. Bb3 Bd7 11. Nxc6 Bxc6 12. Bd2 O-O 13. f4 b5 14. e5 Nd5 15.
Qg4 dxe5 16. fxe5 Rfd8 17. Nxd5 Bxd5 18. Bh6 Bf8 19. Bxd5 Rxd5 20. Kh1 Rxe5 21.
c3 Rxe1+ 22. Rxe1 Rd8 23. Bg5 Rd5 24. Rd1 Qe5 25. Rf1 Qxg5 26. Qxg5 Rxg5 27. h3
g6 28. a4 b4 29. c4 a5 30. b3 Rg3 31. Rc1 Rxb3 32. c5 Rc3 0-1

[Event "AUTO-OPEN-4365"]
[Site "http://www.queenalice.com/game.php?id=1794174"]
[Date "2022.8.13"]
[Round "2"]
[White "victorhmpo"]
[Black "SamuraiJOM"]
[Result "1-0"]
[WhiteElo "1915"]
[BlackElo "1749"]

1. e4 e5 2. Nf3 Nc6 3. Bc4 h6 4. c3 Nf6 5. d3 a6 6. a3 Bc5 7. O-O O-O 8. b4 Ba7
9. Be3 Bxe3 10. fxe3 d6 11. Nbd2 b5 12. Ba2 d5 13. exd5 Ne7 14. c4 Bf5 15. Nxe5
Bh7 16. e4 Ng6 17. Ndf3 Nf4 18. Nc6 Qe8 19. Nfd4 Qd7 20. Rxf4 Bg6 21. Qf3 Rfe8
22. c5 Bh5 23. Qf1 Ng4 24. Re1 Ne5 25. Nxe5 Rxe5 26. Nc6 Rg5 27. h4 Rg3 28. Qf2
Qh3 29. d6 cxd6 30. Bxf7+ Bxf7 31. Ne7+ Kh7 32. Rxf7 Qxh4 33. Qf5+ Kh8 34. Ng6+
Rxg6 35. Qxg6 Qxe1+ 36. Rf1 Qe3+ 37. Kh2 dxc5 38. Rf7 Rg8 39. Qxa6 Qxd3 40. bxc5
Qxe4 41. Qxb5 Qe5+ 42. Kg1 Qe3+ 43. Kh1 Qe1+ 44. Qf1 Qh4+ 45. Kg1 Qd4+ 46. Rf2
Qxc5 47. a4 Qb4 48. Rf4 Qc5+ 49. Qf2 Qa3 50. Qf3 Qc1+ 51. Kh2 Qc2 52. a5 Qa2 53.
Qh5 Qd2 54. Ra4 Qd6+ 55. g3 Qd2+ 56. Kh1 Qd1+ 57. Qxd1 1-0

[Event "AUTO-OPEN-4365"]
[Site "http://www.queenalice.com/game.php?id=1794175"]
[Date "2022.8.13"]
[Round "2"]
[White "SamuraiJOM"]
[Black "victorhmpo"]
[Result "0-1"]
[WhiteElo "1756"]
[BlackElo "1903"]

1. e4 e5 2. Nf3 d6 3. Bc4 Be6 4. Bxe6 fxe6 5. d3 Nc6 6. Bg5 Be7 7. Qd2 Nd4 8.
Bxe7 Nxf3+ 9. gxf3 Nxe7 10. Nc3 Ng6 11. O-O-O Nf4 12. d4 O-O 13. d5 exd5 14.
exd5 Qh4 15. Rde1 Nh3 16. Ne4 Rxf3 17. Ref1 Qxe4 18. Re1 Qf4 19. Qxf4 Rxf4 20.
f3 Rxf3 21. Rhf1 Rxf1 22. Rxf1 Rf8 23. Re1 Rf2 24. Rh1 Rg2 25. b4 Rg1+ 26. Rxg1
Nxg1 27. Kd1 Kf7 28. Ke1 Kf6 29. Kf2 Nh3+ 30. Kg3 Nf4 31. h4 Nxd5 32. a3 Kf5 33.
c4 Nc3 34. h5 b5 35. c5 d5 36. Kf3 d4 37. c6 d3 38. Ke3 e4 39. Kd2 Nb1+ 40. Ke3
d2 41. Ke2 e3 42. Kd1 Ke4 43. Ke2 Nc3+ 44. Kf1 d1=Q+ 45. Kg2 Qf3+ 46. Kg1 Ne2+
47. Kh2 Qg3+ 0-1

[Event "Challenge"]
[Site "http://www.queenalice.com/game.php?id=1796865"]
[Date "2022.9.25"]
[Round "-"]
[White "jorm"]
[Black "victorhmpo"]
[Result "0-1"]
[WhiteElo "1896"]
[BlackElo "1924"]

1. e4 Nf6 2. d3 c5 3. Nd2 e5 4. c4 Nc6 5. a3 Be7 6. h3 h6 7. Ngf3 a6 8. Nb3 d6
9. Be2 O-O 10. Bd2 Nh7 11. h4 Bg4 12. g3 a5 13. Nh2 Bxe2 14. Qxe2 a4 15. Nc1 Nd4
16. Qd1 f5 17. exf5 Nxf5 18. O-O g6 19. Nf3 Nf6 20. Nh2 Kg7 21. Ng4 Nh5 22. Ne2
g5 23. hxg5 Bxg5 24. f4 exf4 25. gxf4 Bh4 26. Rf3 Rf7 27. Qf1 Qe7 28. Be1 Kh7
29. Rh3 Rg8 30. Bxh4 Rxg4+ 31. Bg3 Nhxg3 32. Nxg3 Rfg7 33. Kh2 Rxg3 34. Rh5 R7g4
35. Re1 Rh4+ 0-1

[Event "Challenge"]
[Site "http://www.queenalice.com/game.php?id=1800007"]
[Date "2022.11.15"]
[Round "-"]
[White "victorhmpo"]
[Black "dosoldini"]
[Result "1-0"]
[WhiteElo "1913"]
[BlackElo "1503"]

1. e4 e5 2. f4 exf4 3. Nf3 Nc6 4. Bc4 Qe7 5. Nc3 f5 6. d3 Ne5 7. Nd5 Qc5 8. Nxe5
Be7 9. Qh5+ g6 10. Nxg6 Bf6 11. Nxh8+ 1-0

[Event "Challenge"]
[Site "http://www.queenalice.com/game.php?id=1802967"]
[Date "2022.12.30"]
[Round "-"]
[White "jorm"]
[Black "victorhmpo"]
[Result "0-1"]
[WhiteElo "1875"]
[BlackElo "1939"]

1. e4 d6 2. Nf3 Nf6 3. Nc3 g6 4. h3 Bg7 5. d4 O-O 6. a3 Nbd7 7. Bd3 c5 8. d5 a6
9. Be3 b5 10. b4 c4 11. Be2 Bb7 12. g4 Nxg4 13. Bd2 Nge5 14. Ng1 Nf6 15. f3 e6
16. dxe6 fxe6 17. h4 d5 18. exd5 exd5 19. Na2 d4 20. c3 d3 21. Bf1 Qb6 22. Bg2
Rae8 23. Kf1 Nfg4 24. Be1 Ne3+ 0-1

[Event "Challenge"]
[Site "http://www.queenalice.com/game.php?id=1804193"]
[Date "2023.1.17"]
[Round "-"]
[White "victorhmpo"]
[Black "jorm"]
[Result "0-1"]
[WhiteElo "1952"]
[BlackElo "1882"]

1. e4 e5 2. Nc3 c6 3. d3 Bd6 4. Nge2 h6 5. g3 Bc7 6. f4 exf4 7. Bxf4 Bxf4 8.
Nxf4 d6 9. Qf3 Nf6 10. Bh3 Bxh3 11. Nxh3 Nbd7 12. d4 O-O 13. Nf4 Qb6 14. O-O-O
Qc7 15. Rhe1 Rae8 16. g4 Nh7 17. h4 g6 18. Nh3 b5 19. b4 a5 20. a3 axb4 21. axb4
Qa7 22. Kb2 Nb6 23. Na2 Nc4+ 24. Ka1 Ra8 25. Qb3 Qe7 26. g5 Ra3 27. Qb1 Rfa8 28.
Rd3 Rxa2+ 29. Qxa2 Rxa2+ 30. Kxa2 hxg5 31. hxg5 Nxg5 32. Nf2 Ne6 33. Rh1 Qa7+
34. Kb1 Nxd4 35. Rdh3 Kf8 36. Nd3 Na3+ 37. Kb2 Naxc2 38. Rh8+ Ke7 39. R1h2 Qa1#
0-1

[Event "Challenge"]
[Site "http://www.queenalice.com/game.php?id=1805191"]
[Date "2023.2.1"]
[Round "-"]
[White "RAFAELI"]
[Black "victorhmpo"]
[Result "0-1"]
[WhiteElo "1720"]
[BlackElo "1933"]

1. e4 d6 2. Qf3 Nf6 3. h3 Nc6 4. Bb5 Bd7 5. a4 Nd4 6. Qd3 e5 7. Nf3 Ne6 8. Bc4
b6 9. b4 Nf4 10. Qf1 Nxe4 11. d3 Nf6 0-1

[Event "Challenge"]
[Site "http://www.queenalice.com/game.php?id=1806566"]
[Date "2023.2.22"]
[Round "-"]
[White "victorhmpo"]
[Black "Mlintz"]
[Result "1-0"]
[WhiteElo "1954"]
[BlackElo "1919"]

1. e4 e5 2. Nf3 Qe7 3. Nc3 c6 4. Bc4 g6 5. O-O Bg7 6. d4 d6 7. d5 Nf6 8. Bg5 O-O
9. b4 b5 10. Bb3 Bb7 11. Bxf6 Bxf6 12. a4 bxa4 13. Rxa4 a6 14. Ne2 Nd7 15. c4
cxd5 16. cxd5 Rfc8 17. Qd2 Bg7 18. Ra5 Nf6 19. Ng3 Rc7 20. b5 axb5 21. Rxb5 Ba6
22. Ra5 Bb7 23. Rfa1 Rxa5 24. Qxa5 Qd8 25. Qd2 Nd7 26. Re1 Nc5 27. Ba2 Ba6 28.
h3 h5 29. Qe3 Bd3 30. Nd2 Ra7 31. Bc4 Ra3 32. Bxd3 Rxd3 33. Qe2 Qg5 34. Nf3 Qf4
35. h4 Bf6 36. Rb1 Bxh4 37. Nxh4 Qxh4 38. Rb5 Ra3 39. Rb6 Qd8 40. Qb5 Kg7 41.
Rb8 Qh4 42. Qe8 Kh6 43. Qf8+ Kg5 44. Qxd6 Ra1+ 45. Nf1 Rxf1+ 46. Kxf1 Qxe4 47.
Qxc5 Qd3+ 48. Ke1 1-0

[Event "Challenge"]
[Site "http://www.queenalice.com/game.php?id=1806567"]
[Date "2023.2.22"]
[Round "-"]
[White "Mlintz"]
[Black "victorhmpo"]
[Result "0-1"]
[WhiteElo "1892"]
[BlackElo "1940"]

1. e4 d6 2. d4 Nf6 3. Nc3 g6 4. Nf3 Bg7 5. h3 Nc6 6. a3 O-O 7. Bc4 e6 8. O-O d5
9. exd5 Nxd5 10. Nxd5 exd5 11. Ba2 Be6 12. Re1 Qd7 13. c3 f5 14. Ng5 Bf7 15.
Nxf7 Rxf7 16. c4 Nxd4 17. cxd5 Kh8 18. d6 Rff8 19. dxc7 Qxc7 20. Rb1 f4 21. f3
Nf5 22. b4 Ng3 23. Bb2 Rad8 24. Bxg7+ Qxg7 25. Qb3 h5 26. Qb2 Kh7 27. Qxg7+ Kxg7
28. Re7+ Kh6 29. Rb2 Rd1+ 30. Kf2 Rf1# 0-1

[Event "03"]
[Site "http://www.queenalice.com/game.php?id=1808753"]
[Date "2023.3.27"]
[Round "-"]
[White "Mlintz"]
[Black "victorhmpo"]
[Result "1-0"]
[WhiteElo "1974"]
[BlackElo "1987"]

1. e4 d6 2. d3 g6 3. Nf3 Bg7 4. Be2 c5 5. O-O Nc6 6. c3 Nf6 7. h3 O-O 8. Qc2 e5
9. Be3 b6 10. Re1 Be6 11. d4 a6 12. dxe5 Nxe5 13. Nxe5 dxe5 14. Rd1 Qc7 15. Nd2
b5 16. Nb3 Bxb3 17. axb3 Rfc8 18. Rd2 h5 19. Rad1 Kh7 20. Bg5 Rd8 21. Bxf6 Bxf6
22. f3 Bh4 23. c4 b4 24. Rd5 Bg3 25. R1d3 Qe7 26. Qd1 Rf8 27. Rd7 Qg5 28. Rc7
Rad8 29. Rcd7 Rxd7 30. Rxd7 Kh6 31. Rd5 Qe3+ 32. Kh1 f5 33. exf5 Rxf5 34. Bd3
Rg5 35. Be2 Bf4 36. Rd3 Qf2 37. Qf1 Qxf1+ 38. Bxf1 Bc1 39. Rd5 e4 40. fxe4 Rxd5
41. cxd5 a5 42. e5 Bxb2 43. e6 Bf6 44. d6 Kg7 45. g4 a4 46. bxa4 b3 47. a5 b2
48. Bd3 c4 49. Be4 1-0

[Event "04"]
[Site "http://www.queenalice.com/game.php?id=1808754"]
[Date "2023.3.27"]
[Round "-"]
[White "victorhmpo"]
[Black "Mlintz"]
[Result "1-0"]
[WhiteElo "1969"]
[BlackElo "2011"]

1. e4 c5 2. Nf3 d6 3. Bc4 Nf6 4. Nc3 e6 5. d3 a6 6. a3 Be7 7. O-O O-O 8. h3 b5
9. Ba2 Bb7 10. Nh2 Nc6 11. Ng4 h6 12. f4 h5 13. Nxf6+ Bxf6 14. Qxh5 Bxc3 15.
bxc3 Qf6 16. f5 e5 17. Bg5 g6 18. fxg6 Qh8 19. gxf7+ 1-0

[Event "AUTO-ADV-4705"]
[Site "http://www.queenalice.com/game.php?id=1813241"]
[Date "2023.6.5"]
[Round "1"]
[White "chessman"]
[Black "victorhmpo"]
[Result "0-1"]
[WhiteElo "1936"]
[BlackElo "1985"]

1. e4 Nc6 2. d4 d5 3. exd5 Qxd5 4. Nf3 Bg4 5. c3 Bxf3 6. Qxf3 Qxf3 7. gxf3 e6 8.
Be3 g6 9. Nd2 Bg7 10. O-O-O Nge7 11. h4 h5 12. Bb5 O-O-O 13. Kb1 a6 14. Ba4 Nd5
15. Bxc6 bxc6 16. a3 f5 17. c4 Nxe3 18. fxe3 e5 19. Rhg1 Rd6 20. c5 Re6 21. Nc4
exd4 22. exd4 Rd8 23. Rge1 Rxe1 24. Rxe1 Rxd4 25. Ne5 Bxe5 26. Rxe5 Kd7 27. b4
Rxh4 28. Re3 Rd4 29. Kc2 g5 30. Kc3 Rd5 31. Re2 g4 32. fxg4 fxg4 33. Rh2 g3 0-1

[Event "AUTO-ADV-4705"]
[Site "http://www.queenalice.com/game.php?id=1813242"]
[Date "2023.6.5"]
[Round "1"]
[White "victorhmpo"]
[Black "chessman"]
[Result "1-0"]
[WhiteElo "1970"]
[BlackElo "1951"]

1. e4 e6 2. Nf3 d5 3. exd5 exd5 4. d4 Nf6 5. c4 Be7 6. cxd5 Nxd5 7. Nc3 O-O 8.
Bc4 Bb4 9. Qb3 Bxc3+ 10. bxc3 Re8+ 11. Ne5 c6 12. O-O Nd7 13. f4 N7f6 14. f5 a6
15. g4 b5 16. g5 Ne4 17. Bxd5 cxd5 18. f6 g6 19. Nc6 Qd7 20. Ne7+ Kh8 21. Qc2
Qg4+ 22. Qg2 Qxg2+ 23. Kxg2 Nxc3 24. Bf4 Be6 25. h4 b4 26. Rh1 Ne2 27. Be5 Nc3
28. Kf3 a5 29. h5 1-0

[Event "AUTO-ADV-4705"]
[Site "http://www.queenalice.com/game.php?id=1813257"]
[Date "2023.6.5"]
[Round "1"]
[White "Anusha"]
[Black "victorhmpo"]
[Result "0-1"]
[WhiteElo "1687"]
[BlackElo "1999"]

1. d4 Nf6 2. Bf4 d6 3. e3 Bf5 4. Nd2 Nc6 5. c3 d5 6. Bb5 e6 7. h3 h6 8. Ngf3 Bd6
9. O-O O-O 10. Ne5 Bxe5 11. dxe5 Ne4 12. Nf3 Ne7 0-1

[Event "AUTO-ADV-4705"]
[Site "http://www.queenalice.com/game.php?id=1813269"]
[Date "2023.6.5"]
[Round "1"]
[White "victorhmpo"]
[Black "mvson33"]
[Result "1-0"]
[WhiteElo "1999"]
[BlackElo "1750"]

1. e4 c5 2. d4 cxd4 3. c3 dxc3 4. Bc4 e6 5. Nxc3 d6 6. Nf3 Nf6 7. O-O Be7 8. h3
O-O 9. a3 Nc6 10. b4 Bd7 11. Bb2 Rc8 12. Bb3 Qc7 13. Rc1 Qb8 14. Nh2 Ne5 15. Re1
a6 16. Ne2 Rxc1 17. Nxc1 Bc6 18. Bxe5 dxe5 19. f3 Rd8 20. Qc2 Rc8 21. Qb2 Qc7
22. Nd3 Bb5 23. Rc1 Qd6 24. Rxc8+ 1-0

[Event "AUTO-ADV-4705"]
[Site "http://www.queenalice.com/game.php?id=1813270"]
[Date "2023.6.5"]
[Round "1"]
[White "mvson33"]
[Black "victorhmpo"]
[Result "1/2-1/2"]
[WhiteElo "1758"]
[BlackElo "2005"]

1. e4 d6 2. d4 Nf6 3. Nc3 g6 4. Nf3 Bg7 5. Bc4 Bg4 6. O-O O-O 7. Be2 c5 8. dxc5
dxc5 9. Qxd8 Rxd8 10. Be3 b6 11. Rad1 Nc6 12. Rxd8+ Rxd8 13. Rd1 Rxd1+ 14. Bxd1
Nd7 15. Bc1 Nd4 16. Bg5 Nxf3+ 17. Bxf3 Bxf3 18. gxf3 Bxc3 19. bxc3 f6 20. Bf4 e5
21. Be3 g5 22. Kg2 Nf8 23. Kg3 h5 24. h4 Ne6 25. hxg5 fxg5 26. Bd2 c4 27. Be3
Kf7 28. Kg2 Kg6 29. Kg3 h4+ 30. Kg4 Nf4 31. Bxf4 exf4 32. Kh3 Kh5 33. a3 a6
1/2-1/2

[Event "AUTO-ADV-4705"]
[Site "http://www.queenalice.com/game.php?id=1821092"]
[Date "2023.9.18"]
[Round "2"]
[White "victorhmpo"]
[Black "OnlyJoking"]
[Result "1/2-1/2"]
[WhiteElo "2004"]
[BlackElo "1983"]

1. e4 e5 2. Nf3 Nc6 3. Bc4 h6 4. c3 Nf6 5. d4 exd4 6. Nxd4 Nxe4 7. Qe2 Qe7 8.
Nf5 Qe5 9. Bd3 Qxf5 10. Bxe4 Qe6 11. O-O Ne7 12. Re1 d5 13. Bc2 Qxe2 14. Rxe2
Be6 15. Nd2 O-O-O 16. Nf1 g6 17. Be3 Kb8 18. Bd4 Rg8 19. b4 Bg7 20. Bxg7 Rxg7
21. a4 a6 22. b5 a5 23. Rb1 b6 24. Nd2 Rd6 25. Nf3 c5 26. h3 f5 27. Rbe1 Kc7 28.
Rxe6 Rxe6 29. Rxe6 Kb7 30. Ne5 h5 31. Rf6 Kc7 32. Rf7 Rxf7 33. Nxf7 Kd7 34. Kf1
Ke6 35. Ng5+ Kd7 36. Ke2 Kd6 1/2-1/2

[Event "AUTO-ADV-4705"]
[Site "http://www.queenalice.com/game.php?id=1821093"]
[Date "2023.9.18"]
[Round "2"]
[White "OnlyJoking"]
[Black "victorhmpo"]
[Result "1/2-1/2"]
[WhiteElo "2019"]
[BlackElo "2003"]

1. d4 d6 2. e4 Nf6 3. Nc3 g6 4. Bg5 Bg7 5. h3 Nc6 6. Nf3 O-O 7. Bd3 Nb4 8. a3
Nxd3+ 9. Qxd3 d5 10. Bxf6 dxe4 11. Nxe4 exf6 12. O-O-O Be6 13. Kb1 a6 14. Rhe1
b5 15. Nc5 Bf5 16. Qc3 Qd5 17. g4 Be6 18. Nxe6 fxe6 19. Rd3 c6 20. Qb3 Rfe8 21.
Qxd5 exd5 22. Rde3 Kf7 23. c3 Rxe3 24. Rxe3 Re8 25. Rxe8 Kxe8 26. b4 h6 27. h4
g5 1/2-1/2

[Event "AUTO-ADV-4705"]
[Site "http://www.queenalice.com/game.php?id=1821094"]
[Date "2023.9.18"]
[Round "2"]
[White "victorhmpo"]
[Black "Lucasbarbaruiva"]
[Result "1-0"]
[WhiteElo "2013"]
[BlackElo "1838"]

1. e4 e6 2. Nc3 d6 3. d4 g6 4. Nf3 b6 5. Bd3 Bh6 6. Bxh6 Nxh6 7. h3 Ba6 8. Bxa6
Nxa6 9. Qd2 Ng8 10. O-O-O Ne7 11. Qh6 Qd7 12. Qg7 O-O-O 13. Qxf7 Nc6 14. Ng5
Rde8 15. d5 exd5 16. Nxd5 Qxf7 17. Nxf7 Rhf8 18. Ng5 h6 19. Nf3 Rxe4 20. a3 h5
21. Rhf1 Ne5 22. Ne7+ Kd7 23. Nxe5+ Rxe5 24. Nxg6 Rff5 25. Nxe5+ Rxe5 26. f4 Rf5
27. g4 hxg4 28. hxg4 Rc5 29. Rde1 Kc6 30. f5 Kd7 31. f6 Re5 32. f7 Rxe1+ 33.
Rxe1 Nc5 34. f8=Q Ne6 35. Qf7+ Kc6 36. Rxe6 a5 37. Re7 a4 38. Rxc7+ Kb5 39. Qc4+
Ka5 40. Ra7# 1-0

[Event "AUTO-ADV-4705"]
[Site "http://www.queenalice.com/game.php?id=1821095"]
[Date "2023.9.18"]
[Round "2"]
[White "Lucasbarbaruiva"]
[Black "victorhmpo"]
[Result "0-1"]
[WhiteElo "1848"]
[BlackElo "2003"]

1. d4 g6 2. e3 Bg7 3. Nf3 Nf6 4. Bd3 d5 5. b3 Bf5 6. Bb2 Bxd3 7. cxd3 O-O 8. O-O
Nbd7 9. Nbd2 b6 10. a4 c5 11. dxc5 Nxc5 12. d4 Nd3 13. Ba3 a5 14. Ne5 Nxe5 15.
dxe5 Nd7 16. f4 Re8 17. b4 Nf8 18. b5 Rc8 19. Nb3 e6 20. Bxf8 Bxf8 21. Nd4 Bc5
22. Re1 Bxd4 23. exd4 Rc4 24. g3 f6 25. h4 Qe7 26. g4 f5 27. g5 Qb4 28. h5 Rxd4
29. Qc2 Rxf4 30. Qc6 Rg4+ 31. Kf1 Qf4+ 32. Ke2 Rg2+ 33. Kd3 Qd2# 0-1

[Event "Challenge"]
[Site "http://www.queenalice.com/game.php?id=1825517"]
[Date "2023.11.20"]
[Round "-"]
[White "christian_labat"]
[Black "victorhmpo"]
[Result "1/2-1/2"]
[WhiteElo "2067"]
[BlackElo "2037"]

1. e4 d6 2. c4 c5 3. Nc3 Nc6 4. f4 e5 5. d3 f5 6. Nf3 Be7 7. Be2 Nf6 8. O-O O-O
9. h3 fxe4 10. Nxe4 Nxe4 11. dxe4 exf4 12. Nh2 Ne5 13. Bxf4 Be6 14. Bxe5 dxe5
15. Qxd8 Raxd8 16. Rxf8+ Kxf8 17. Nf3 Bf6 18. b3 g5 19. Kf2 g4 20. hxg4 Bxg4 21.
Rh1 h5 22. Rd1 Rxd1 23. Bxd1 a5 24. Kg3 Ke7 25. Bc2 Bxf3 26. Kxf3 Bg5 27. a4 Kf6
28. Bd3 b6 29. Kg3 Kg6 30. Be2 Kh6 31. Kh3 Kg6 32. g3 Kh6 33. Bf3 Kg6 34. Bg2
Kh6 35. Bf3 Kg6 36. g4 hxg4+ 37. Kxg4 Be3 38. Kh4 Bf4 39. Bg4 Bg5+ 40. Kg3 Bf4+
41. Kh4 Bg5+ 42. Kg3 Bf6 43. Bf5+ Kg5 44. Kf3 Kh4 45. Kg2 Bg5 46. Kf3 Bf4 47.
Bd7 Bh2 48. Be8 Kh3 49. Bd7+ Kh4 50. Kg2 Bg3 51. Kf3 Bf4 1/2-1/2

[Event "Challenge"]
[Site "http://www.queenalice.com/game.php?id=1830588"]
[Date "2024.1.31"]
[Round "-"]
[White "trimetria"]
[Black "victorhmpo"]
[Result "0-1"]
[WhiteElo "2009"]
[BlackElo "2022"]

1. d4 d6 2. c4 Nf6 3. Bg5 g6 4. Bxf6 exf6 5. Nf3 Bg7 6. e3 O-O 7. Be2 c5 8. Nc3
Nc6 9. O-O b6 10. Qd3 Re8 11. Rad1 Qe7 12. Rfe1 Bf5 13. Qd2 Rad8 14. d5 Ne5 15.
b3 g5 16. e4 Bg6 17. h3 f5 18. Nxg5 Bh6 19. f4 Nd7 20. Bd3 Qf6 21. h4 Bxg5 22.
fxg5 Qd4+ 23. Kh1 fxe4 24. Bb1 Qe5 25. Bxe4 Qg3 26. Bxg6 hxg6 27. h5 Qh4+ 28.
Kg1 Qxh5 29. Kf2 Ne5 30. Ne4 Qh4+ 31. g3 Ng4+ 32. Kf3 Qh5 33. Rh1 Ne5+ 34. Kg2
Qf3+ 35. Kg1 Qxe4 36. Qh2 Nf3+ 0-1

[Event "Challenge"]
[Site "http://www.queenalice.com/game.php?id=1832934"]
[Date "2024.3.8"]
[Round "-"]
[White "victorhmpo"]
[Black "trimetria"]
[Result "1-0"]
[WhiteElo "2038"]
[BlackElo "1994"]

1. e4 c5 2. Nf3 e6 3. b3 g6 4. Bb2 f6 5. c3 Ne7 6. d4 d5 7. Nbd2 cxd4 8. cxd4
Nbc6 9. Bb5 a6 10. Bxc6+ Nxc6 11. exd5 Qxd5 12. O-O Bg7 13. Nc4 Rb8 14. Ba3 Bf8
15. Bxf8 Rxf8 16. Nb6 Qb5 17. Nxc8 Rxc8 18. Re1 Kf7 19. Qd2 Qd5 20. h3 h5 21.
Rac1 g5 22. Re2 g4 23. hxg4 hxg4 24. Nh4 Nxd4 25. Re3 Nxb3 26. Qxd5 Rxc1+ 27.
Kh2 exd5 28. Rxb3 Rc7 29. Nf5 Rh8+ 30. Kg3 b5 31. Kxg4 Ke6 32. g3 Ke5 33. Re3#
1-0